Szczegóły MARC21

Introduction to quantum optics : from the semi-classical approach to quantized light /

003 -Nazwa inst., której nr kontr. jest w polu 001 [,]
    • @
    • Nazwa instytucji, której n kontrolny jest w polu 001
    • NUKAT
005 -DATA I CZAS OSTATNIEJ MODYFIKACJI [,]
    • @
    • pole kontrolne
    • 20241231091812.0
020 -Międzynarod. znormalizowany nr książki - ISBN [ , ]
    • a
    • Numer ISBN
    • 9780521551120 Find
    • q
    • Dopowiedzenie
    • Hardback
040 -Instytucja sporządzająca opis [ , ]
    • a
    • Instytucja, która sporządziła opis (NP)
    • KR U/28WP
    • c
    • Instytucja, która sporządziła rekord (NP)
    • KR U/28WPs
    • d
    • Instytucja, która zmodyfikowała rekord (P)
    • KR U/28WP
    • d
    • Instytucja, która zmodyfikowała rekord (P)
    • WR U/rk
942 -Rodzaj dokumentu [ , ]
    • c
    • Rodzaj dokumentu
    • Książka
100 -Hasło główne - nazwa osobowa [1, ]
    • a
    • Nazwa osobowa (NP)
    • Grynberg, Gilbert
    • d
    • Daty biograficzne (NP)
    • (1948-2003).
    • 9
    • KHW
    • 51732
245 -Strefa tytułu i oznaczenia odpowiedzialności [1,0]
    • a
    • Tytuł
    • Introduction to quantum optics : Find
    • b
    • Ciąg dalszy tytułu (NP)
    • from the semi-classical approach to quantized light / Find
    • c
    • Pozostałe elementy strefy tytułu i oznaczenia odpowiedzialności (NP)
    • Gilbert Grynberg, Alain Aspect, Claude Fabre ; with a forew. by Claude Cohen-Tannoudji.
260 -Strefa adresu wydawniczego [ , ]
    • a
    • Miejsce wydania (P)
    • Cambridge [etc.] :
    • b
    • Nazwa wydawcy (P)
    • Cambridge University Press,
    • c
    • Data wydania (P)
    • 2010.
300 -Strefa opisu fizycznego [ , ]
    • a
    • Określenie formy książki i/lub objętość (NP)
    • XXIX, 665 s. :
    • b
    • Oznaczenie ilustracji (NP)
    • il. ;
    • c
    • Format (NP)
    • 26 cm.
336 -Typ zawartości [ , ]
    • a
    • Termin opisujący typ zawartości
    • Tekst
    • b
    • Kod określający zawartość
    • txt
    • 2
    • Źródło (terminu i kodu)
    • rdacontent
337 -Typ mediów [ , ]
    • a
    • Tryb odtwarzania
    • Bez urządzenia pośredniczącego
    • b
    • Kod typu mediów
    • n
    • 2
    • Źródło (terminu i kodu)
    • rdamedia
338 -Typ/rodzaj nośnika [ , ]
    • a
    • Hasło opisujące typ nośnika
    • Wolumin
    • b
    • Kod typu nośnika
    • nc
    • 2
    • Źródło (terminu i kodu)
    • rdacarrier
504 -Uwaga dot. bibliogr. załącznikowej [ , ]
    • a
    • Uwaga dot. bibliografii załącznikowej
    • Indeks.
080 -Uniwersalna Klasyfikacja Dziesiętna [ , ]
    • 2
    • Identyfikator wydania tablic
    • UDC-P058
    • 9
    • UKD
    • 4133
    • a
    • Symbol klasyfikacji
    • 535
    • b
    • Dopowiedzenie
    • Światło. Optyka. Fale długie. Podczerwień. Promieniowanie podczerwone. Promieniowanie światła.
    • 4
    • UKD2
    • 8594
    • x
    • Poddział wspólny
    • (07)
    • c
    • Dopowiedzenie poddz. wspólnego
    • (Wydawnictwa dydaktyczne. Podręczniki).
    • 4
    • UKD2
    • 7644
    • x
    • Poddział wspólny
    • =111
    • c
    • Dopowiedzenie poddz. wspólnego
    • =Język angielski.
080 -Uniwersalna Klasyfikacja Dziesiętna [ , ]
    • 2
    • Identyfikator wydania tablic
    • UDC-P058
    • 9
    • UKD
    • 8980
    • a
    • Symbol klasyfikacji
    • 530.145
    • b
    • Dopowiedzenie
    • Teoria kwantów. Fizyka kwantowa. Mechanika kwantowa. Kwantowa teoria pola.
    • 4
    • UKD2
    • 8594
    • x
    • Poddział wspólny
    • (07)
    • c
    • Dopowiedzenie poddz. wspólnego
    • (Wydawnictwa dydaktyczne. Podręczniki).
    • 4
    • UKD2
    • 7644
    • x
    • Poddział wspólny
    • =111
    • c
    • Dopowiedzenie poddz. wspólnego
    • =Język angielski.
650 -Hasło przedmiotowe [ ,7]
    • a
    • Hasło przedmiotowe
    • Optyka kwantowa.
    • 2
    • Źródło terminu
    • kaba
    • 9
    • KHW
    • 122532
980 -Symbol UKD [ , ]
    • a
    • UKD
    • 535:530.145](07)=111
700 -Hasło dodatkowe - nazwa osobowa [1, ]
    • a
    • Nazwa osobowa (NP)
    • Aspect, Alain Find
    • d
    • Daty biograficzne (NP)
    • (1947- ).
    • 9
    • KHW
    • 51733
700 -Hasło dodatkowe - nazwa osobowa [1, ]
    • a
    • Nazwa osobowa (NP)
    • Fabre, Claude Find
    • d
    • Daty biograficzne (NP)
    • (1951- ).
    • 9
    • KHW
    • 51734
700 -Hasło dodatkowe - nazwa osobowa [1, ]
    • a
    • Nazwa osobowa (NP)
    • Cohen-Tannoudji, Claude Find
    • d
    • Daty biograficzne (NP)
    • (1933- ).
    • e
    • Określenie rodzaju współpracy
    • Przedm.
    • 9
    • KHW
    • 51731
920 -ISBN [ , ]
    • a
    • ISBN
    • 978-0-521-55112-0 Find
    • q
    • Dopowiedzenie
    • Hardback
Data inwentaryzacji Lokalizacja Status udost. Numer inwentarzowy
2012-12-18BG1N.20576
2012-12-18BG1N.20577
2012-12-18BG1N.20578